LEADER 01569nam 2200397 450 001 000030349 005 20120416095518.0 010 $a88-371-1544-X 100 $a20120319d2005----km-y0itaa50------ba 101 0 $aita 102 $aIT 200 1 $aAlgoritmi elementari del calcolo aritmetico e algebrico$etradizione e modernità$fFranco Palladino, Laura Lombardi, Nicla Palladino$gLaura Lombardi, Nicla Palladino 210 $aBologna$cPitagora$d2005 215 $a347 p.$d23 cm$e1 floppy disk 225 2 $aProposte$iScienze della formazione 410 0$12001$aProposte$iScienze della formazione 606 $aAlgoritmi 606 $aCalcolo numerico 676 $a511.8$v(22. ed.)$9Modelli matematici (Simulazione matematica) 700 1$aPalladino$bFranco$053783 701 1$aLombardi$bLaura$0445717 701 1$aPalladino$bNicla$0445718 801 0$aIT$bUniversità della Basilicata - B.I.A.$gREICAT$2unimarc 912 $a000030349 996 $aAlgoritmi elementari del calcolo aritmetico e algebrico$993768 997 $aUNIBAS CAT $aLCR$b01$c20120124$lBAS01$h1150 CAT $aMDL$b00$c20120319$lBAS01$h1042 CAT $aMDL$b30$c20120319$lBAS01$h1103 CAT $aMDL$b00$c20120320$lBAS01$h1154 CAT $aMDL$b00$c20120321$lBAS01$h1357 CAT $aSTD079$b01$c20120323$lBAS01$h0849 CAT $aATR$b20$c20120405$lBAS01$h1025 CAT $aATR$b20$c20120416$lBAS01$h0955 FMT Z30 -1$lBAS01$LBAS01$mBOOK$1BASA4$APolo di Matera$2DID$BDidattica$3MSR/L110586$6110586$5L110586$820120319$f04$FPrestabile Didattica